000 00595cam a2200205 4500500
005 20260329003304.0
041 _afre
042 _adc
100 1 0 _aLequin, Mathilde
_eauthor
245 0 0 _aLa maison hantée de l’esprit
260 _c2015.
500 _a17
690 _aHenri Bergson
690 _aMathilde Lequin
690 _aMémoire
690 _aRêve
690 _aSouvenirs
786 0 _nPhilosophie magazine | 89 | 5 | 2015-05-01 | p. 48-48 | 1951-1787
856 4 1 _uhttps://shs.cairn.info/magazine-philosophie-magazine-2015-5-page-48?lang=fr&redirect-ssocas=7080
999 _c1823187
_d1823187